Microeconomic thoery

Gespeichert in:
Bibliographische Detailangaben
1. Verfasser: Ferguson, C. E.
Format: Buch
Sprache:Undetermined
Veröffentlicht: Illinois Richard D. Irwin, Inc 1969
Schlagworte:
Tags: Tag hinzufügen
Keine Tags, Fügen Sie den ersten Tag hinzu!
Thư viện lưu trữ: Trung tâm Học liệu Trường Đại học Cần Thơ
LEADER 00464nam a2200181Ia 4500
001 CTU_68909
008 210402s9999 xx 000 0 und d
082 |a 338.5 
082 |b F352 
100 |a Ferguson, C. E. 
245 0 |a Microeconomic thoery 
245 0 |c C. E. Ferguson 
260 |a Illinois 
260 |b Richard D. Irwin, Inc 
260 |c 1969 
650 |a Microeconomics 
904 |i TUYEN 
980 |a Trung tâm Học liệu Trường Đại học Cần Thơ